000 01153nam2a22002771 4500
001 v19\rc\1540132
005 20250618181255.0
035 _a(NLR Aleph) 004658207
090 _a3514386
_c3514386
100 _a20060620d1888 |||y0rusy50 ca
101 0 _arus
102 _aRU
105 _aa z |||||
200 0 _a1887-1888 (18-й) учебный год
210 _d1888
_aБ. м.
215 _a[3], 88 с., 1 л. ил.
461 0 _1001v19\rc\1540131
_12001#$aОтчет о состоянии Имп. Николаевской гимназии в Царском Селе...$v1887-1888 (18-й) учебный год
_93514378
_aЦарскосельская Николаевская мужская гимназия
_cСанкт-Петербург
_d1888
_tОтчет о состоянии Имп. Николаевской гимназии в Царском Селе...
_v1887-1888 (18-й) учебный год
801 0 _aRU
_bNLR
_gpsbo
801 0 _aRU
_bRuMoRGB
_2psbo
801 1 _aRU
_bProSoft-M
_2rusmarc
852 _aNLR
_j18.209.6.37
899 _aRuMoRGB
_jМК
899 _aRuMoRGB
_jU 24/1140
899 _aБАН
942 _cBOOK
980 _aNB